| 000 | 00476nam a2200181Ia 4500 | ||
|---|---|---|---|
| 008 | 180921t1972 xxu||||| |||| 00| 0 sin d | ||
| 041 | _asin | ||
| 080 |
_a61(291) _b |
||
| 100 |
_aMendis, Jayasiri _eed. |
||
| 245 | _aයුනානි චිකිත්සා | ||
| 246 | _aYunaani chikithsaa | ||
| 260 |
_b _c1972 |
||
| 300 | _a208p., 22 cm | ||
| 650 |
_aUnani _aAyurveda _aMedical Science |
||
| 942 | _cBK | ||
| 999 |
_c18102 _d18102 |
||
| 003 | LK-CoDNM | ||
| 040 |
_aLK-CoDNM _dLK-CoDNM _eLK-CoDNM |
||